Demi-finales des Ligues des Champions - Statistiques

Statistiques générales
  • Ce quiz a été pris 1 642 fois
  • Le résultat moyen est 210 sur 264
Statistiques - réponses
Group Hint 1
Réponse % Correct
1955-1956 Vainqueur Real Madrid
100%
1958-1959 Vainqueur Real Madrid
100%
1956-1957 Vainqueur Real Madrid
100%
1957-1958 Vainqueur Real Madrid
100%
1959-1960 Vainqueur Real Madrid
100%
1961-1962 Finaliste Real Madrid
100%
1963-1964 Finaliste Real Madrid
100%
1965-1966 Vainqueur Real Madrid
100%
1967-1968 Demi-finale Real Madrid
100%
1972-1973 Demi-finale Real Madrid
100%
1975-1976 Demi-finale Real Madrid
100%
1979-1980 Demi-finale Real Madrid
100%
1980-1981 Finaliste Real Madrid
100%
1986-1987 Demi-finale Real Madrid
100%
1987-1988 Demi-finale Real Madrid
100%
1988-1989 Demi-finale Real Madrid
100%
1997-1998 Vainqueur Real Madrid
100%
1999-2000 Vainqueur Real Madrid
100%
2000-2001 Demi-finale Real Madrid
100%
2001-2002 Vainqueur Real Madrid
100%
2002-2003 Demi-finale Real Madrid
100%
2010-2011 Demi-finale Real Madrid
100%
2011-2012 Demi-finale Real Madrid
100%
2012-2013 Demi-finale Real Madrid
100%
2013-2014 Vainqueur Real Madrid
100%
2014-2015 Demi-finale Real Madrid
100%
2015-2016 Vainqueur Real Madrid
100%
2016-2017 Vainqueur Real Madrid
100%
2017-2018 Vainqueur Real Madrid
100%
2020-2021 Demi-finale Real Madrid
100%
1973-1974 Vainqueur Bayern Munich
99%
1974-1975 Vainqueur Bayern Munich
99%
1981-1982 Finaliste Bayern Munich
99%
1986-1987 Finaliste Bayern Munich
99%
1989-1990 Demi-finale Bayern Munich
99%
1990-1991 Demi-finale Bayern Munich
99%
1994-1995 Demi-finale Bayern Munich
99%
1998-1999 Finaliste Bayern Munich
99%
1999-2000 Demi-finale Bayern Munich
99%
2000-2001 Vainqueur Bayern Munich
99%
2009-2010 Finaliste Bayern Munich
99%
2011-2012 Finaliste Bayern Munich
99%
2012-2013 Vainqueur Bayern Munich
99%
2013-2014 Demi-finale Bayern Munich
99%
2014-2015 Demi-finale Bayern Munich
99%
2015-2016 Demi-finale Bayern Munich
99%
2017-2018 Demi-finale Bayern Munich
99%
2019-2020 Vainqueur Bayern Munich
99%
1975-1976 Vainqueur Bayern Munich
99%
1980-1981 Demi-finale Bayern Munich
99%
1985-1986 Finaliste FC Barcelone
99%
1959-1960 Demi-finale FC Barcelone
99%
1960-1961 Finaliste FC Barcelone
99%
1974-1975 Demi-finale FC Barcelone
99%
1991-1992 Vainqueur FC Barcelone
99%
1993-1994 Finaliste FC Barcelone
99%
1999-2000 Demi-finale FC Barcelone
99%
2001-2002 Demi-finale FC Barcelone
99%
2005-2006 Vainqueur FC Barcelone
99%
2007-2008 Demi-finale FC Barcelone
99%
2008-2009 Vainqueur FC Barcelone
99%
2009-2010 Demi-finale FC Barcelone
99%
2010-2011 Vainqueur FC Barcelone
99%
2011-2012 Demi-finale FC Barcelone
99%
2012-2013 Demi-finale FC Barcelone
99%
2014-2015 Vainqueur FC Barcelone
99%
2018-2019 Demi-finale FC Barcelone
99%
2015-2016 Demi-finale Manchester City
99%
2020-2021 Finaliste Manchester City
99%
2009-2010 Demi-finale Olympique lyonnais
99%
2019-2020 Demi-finale Olympique lyonnais
99%
1994-1995 Demi-finale Paris Saint-Germain
99%
2019-2020 Finaliste Paris Saint-Germain
99%
2020-2021 Demi-finale Paris Saint-Germain
99%
1989-1990 Demi-finale Olympique de Marseille
98%
1990-1991 Finaliste Olympique de Marseille
98%
1992-1993 Vainqueur Olympique de Marseille
98%
1957-1958 Finaliste AC Milan
97%
1988-1989 Vainqueur AC Milan
97%
1989-1990 Vainqueur AC Milan
97%
1992-1993 Finaliste AC Milan
97%
1993-1994 Vainqueur AC Milan
97%
1994-1995 Finaliste AC Milan
97%
2002-2003 Vainqueur AC Milan
97%
2004-2005 Finaliste AC Milan
97%
2005-2006 Demi-finale AC Milan
97%
2006-2007 Vainqueur AC Milan
97%
2003-2004 Demi-finale Chelsea FC
97%
2004-2005 Demi-finale Chelsea FC
97%
2006-2007 Demi-finale Chelsea FC
97%
2007-2008 Finaliste Chelsea FC
97%
2008-2009 Demi-finale Chelsea FC
97%
2011-2012 Vainqueur Chelsea FC
97%
2013-2014 Demi-finale Chelsea FC
97%
2020-2021 Finaliste Chelsea FC
97%
1955-1956 Demi-finale AC Milan
97%
1962-1963 Vainqueur AC Milan
97%
1968-1969 Vainqueur AC Milan
97%
1963-1964 Vainqueur Inter Milan
97%
1964-1965 Vainqueur Inter Milan
97%
1965-1966 Demi-finale Inter Milan
97%
1966-1967 Finaliste Inter Milan
97%
1971-1972 Finaliste Inter Milan
97%
1980-1981 Demi-finale Inter Milan
97%
2002-2003 Demi-finale Inter Milan
97%
2009-2010 Vainqueur Inter Milan
97%
1964-1965 Demi-finale Liverpool FC
97%
1976-1977 Vainqueur Liverpool FC
97%
1977-1978 Vainqueur Liverpool FC
97%
1980-1981 Vainqueur Liverpool FC
97%
1983-1984 Vainqueur Liverpool FC
97%
1984-1985 Finaliste Liverpool FC
97%
2004-2005 Vainqueur Liverpool FC
97%
2006-2007 Finaliste Liverpool FC
97%
2007-2008 Demi-finale Liverpool FC
97%
2017-2018 Finaliste Liverpool FC
97%
2018-2019 Vainqueur Liverpool FC
97%
1956-1957 Demi-finale Manchester United
97%
1957-1958 Demi-finale Manchester United
97%
1965-1966 Demi-finale Manchester United
97%
1967-1968 Vainqueur Manchester United
97%
1968-1969 Demi-finale Manchester United
97%
1996-1997 Demi-finale Manchester United
97%
1998-1999 Vainqueur Manchester United
97%
2001-2002 Demi-finale Manchester United
97%
2006-2007 Demi-finale Manchester United
97%
2007-2008 Vainqueur Manchester United
97%
2008-2009 Finaliste Manchester United
97%
2010-2011 Finaliste Manchester United
97%
1963-1964 Demi-finale Borussia Dortmund
95%
1996-1997 Vainqueur Borussia Dortmund
95%
1997-1998 Demi-finale Borussia Dortmund
95%
2012-2013 Finaliste Borussia Dortmund
95%
1967-1968 Demi-finale Juventus
95%
1972-1973 Finaliste Juventus
95%
1977-1978 Demi-finale Juventus
95%
1982-1983 Finaliste Juventus
95%
1984-1985 Vainqueur Juventus
95%
1995-1996 Vainqueur Juventus
95%
1996-1997 Finaliste Juventus
95%
1997-1998 Finaliste Juventus
95%
1998-1999 Demi-finale Juventus
95%
2002-2003 Finaliste Juventus
95%
2014-2015 Finaliste Juventus
95%
2016-2017 Finaliste Juventus
95%
1971-1972 Vainqueur Ajax Amsterdam
93%
1972-1973 Vainqueur Ajax Amsterdam
93%
1979-1980 Demi-finale Ajax Amsterdam
93%
1994-1995 Vainqueur Ajax Amsterdam
93%
1995-1996 Finaliste Ajax Amsterdam
93%
1996-1997 Demi-finale Ajax Amsterdam
93%
2018-2019 Demi-finale Ajax Amsterdam
93%
1958-1959 Demi-finale Atlético Madrid
93%
1970-1971 Demi-finale Atlético Madrid
93%
1973-1974 Finaliste Atlético Madrid
93%
2013-2014 Finaliste Atlético Madrid
93%
2015-2016 Finaliste Atlético Madrid
93%
2016-2017 Demi-finale Atlético Madrid
93%
1968-1969 Finaliste Ajax Amsterdam
93%
1970-1971 Vainqueur Ajax Amsterdam
93%
1961-1962 Demi-finale Tottenham
90%
2005-2006 Finaliste Arsenal FC
89%
2008-2009 Demi-finale Arsenal FC
89%
1986-1987 Vainqueur FC Porto
88%
1993-1994 Demi-finale FC Porto
88%
2003-2004 Vainqueur FC Porto
88%
1993-1994 Demi-finale AS Monaco
87%
1997-1998 Demi finale AS Monaco
87%
2003-2004 Finaliste AS Monaco
87%
2016-2017 Demi-finale AS Monaco
87%
2018-2019 Finaliste Tottenham Hotspur
87%
1961-1962 Vainqueur Benfica
84%
1962-1963 Finaliste Benfica
84%
1964-1965 Finaliste Benfica
84%
1967-1968 Finaliste Benfica
84%
1971-1972 Demi-finale Benfica
84%
1989-1990 Finaliste Benfica
84%
1960-1961 Vainqueur Benfica
84%
1987-1988 Finaliste Benfica
84%
2019-2020 Demi-finale RB Leipzig
81%
1983-1984 Finaliste AS Rome
79%
2017-2018 Demi-finale AS Rome
79%
1978-1979 Vainqueur Nottingham Forest
79%
1979-1980 Vainqueur Nottingham Forest
79%
1955-1956 Finaliste Stade de Reims
79%
1958-1959 Finaliste Stade de Reims
79%
1975-1976 Demi-finale PSV Eindhoven
77%
1987-1988 Vainqueur PSV Eindhoven
77%
2004-2005 Demi-finale PSV Eindhoven
77%
1956-1957 Demi-finale Etoile rouge de Belgrade
74%
1970-1971 Demi-finale Etoile rouge de Belgrade
74%
1990-1991 Vainqueur Etoile rouge de Belgrade
74%
1991-1992 2e de poule Etoile rouge de Belgrade
74%
1999-2000 Finaliste Valence CF
74%
2000-2001 Finaliste Valence CF
74%
1981-1982 Vainqueur Aston Villa FC
70%
1974-1975 Demi-finale AS Saint-Etienne
69%
1975-1976 Finaliste AS Saint-Etienne
69%
2001-2002 Finaliste Bayer Leverkusen
69%
1966-1967 Vainqueur Celtic FC
68%
1969-1970 Finaliste Celtic FC
68%
1971-1972 Demi-finale Celtic FC
68%
1973-1974 Demi-finale Celtic FC
68%
1962-1963 Demi-finale Feyenoord Rotterdam
62%
1969-1970 Vainqueur Feyenoord Rotterdam
62%
1960-1961 Demi-finale Hambourg SV
61%
1979-1980 Finaliste Hambourg SV
61%
1982-1983 Vainqueur Hambourg SV
61%
1985-1986 Vainqueur Steaua Bucarest
61%
1987-1988 Demi-finale Steaua Bucarest
61%
1988-1989 Finaliste Steaua Bucarest
61%
1984-1985 Demi-finale Girondins de Bordeaux
58%
1959-1960 Demi-finale Rangers FC
57%
1992-1993 2e de poule Rangers FC
57%
2005-2006 Demi-finale Villareal CF
53%
1983-1984 Demi-finale Dinamo Bucarest
50%
2010-2011 Demi-finale Schalke 04
50%
2003-2004 Demi-finale Deportivo La Corogne
49%
1976-1977 Demi-finale Dynamo Kiev
46%
1986-1987 Demi-finale Dynamo Kiev
46%
1998-1999 Demi-finale Dynamo Kiev
46%
1995-1996 Demi-finale FC Nantes
45%
1965-1966 Finaliste Partizan Belgrade
45%
1969-1970 Demi-finale Leeds United
44%
1974-1975 Finaliste Leeds United
44%
2000-2001 Demi-finale Leeds United
44%
1956-1957 Finaliste Fiorentina
42%
1977-1978 Finaliste Club Bruges
41%
1991-1992 2e de poule Sparta Prague
38%
1981-1982 Demi-finale RSC Anderlecht
36%
1985-1986 Demi-finale RSC Anderlecht
36%
1966-1967 Demi-finale CSKA Sofia
34%
1981-1982 Demi-finale CSKA Sofia
34%
1988-1989 Demi-finale Galatasaray SK
34%
1991-1992 Finaliste Sampdoria
31%
1978-1979 Finaliste Malmö FF
30%
1959-1960 Finaliste Eintracht Francfort
30%
1976-1977 Finaliste Borussia Mönchengladbach
27%
1977-1978 Demi-finale Borussia Mönchengladbach
27%
1966-1967 Demi-finale Dukla Prague
26%
1960-1961 Demi-finale Rapid Vienne
26%
1978-1979 Demi-finale Austria Vienne
25%
1982-1983 Demi-finale Real Sociedad
23%
1969-1970 Demi-finale Legia Varsovie
22%
1970-1971 Finaliste Panathinaïkos
22%
1984-1985 Demi-finale Panathinaïkos
22%
1995-1996 Demi-finale Panathinaïkos
22%
1961-1962 Demi-finale Standard de Liège
18%
1978-1979 Demi-finale FC Cologne
16%
1963-1964 Demi-finale FC Zurich
16%
1976-1977 Demi-finale FC Zurich
16%
1985-1986 Demi-finale IFK Göteborg
15%
1992-1993 2e de poule IFK Göteborg
15%
1990-1991 Demi-finale Spartak Moscou
15%
1958-1959 Demi-finale Young Boys
15%
1962-1963 Demi-finale Dundee FC
6%
1983-1984 Demi-finale Dundee United
6%
1972-1973 Demi-finale Derby County
5%
1973-1974 Demi-finale Ujpest FC
4%
1982-1983 Demi-finale Widzew Łódź
4%
1955-1956 Demi-finale Hibernian FC
3%
1964-1965 Demi-finale Győr ETO FC
2%
1968-1969 Demi-finale Spartak Trnava
2%
1957-1958 Demi-finale Vasas SC
2%
Aucun quiz correspondant
Distribution des résultats
% des personnes avec chaque résultat
Percentile par nombre de réponses
Votre historique - résultats
Vous n’avez pas pris ce quiz